000 00722nam a2200217 a 4500
001 000045918
005 20201002052525.0
008 150528s1971 cl 000 0 spa d
040 _aDO-SdBNP
_bspa
_cBNPHU
245 0 0 _aImperialismo hoy. /
_cJames O´Connor [et.al].
260 _aBuenos Aires :
_bEdiciones Periferia,
_c1971.
300 _a262 p. ;
_c18 cm.
490 1 _aEstados Unidos y América Latina
590 _aPerteneció a la biblioteca personal de Germán Emilio Ornes.
700 1 _aO´Connor, James
_973988
700 1 _aMandel, Ernest
_973989
700 1 _aNicolaus, Martin
_973990
700 1 _aMarcus, Lyn
_973991
700 1 _aKotz, David
_973992
830 0 _aEstados Unidos y América Latina
_963391
999 _c45407
_d45407